000 00927nam a22002537a 4500
005 20110301110444.0
008 110301t xxu||||| |||| 00| 0 eng d
010 _aENG-102056
020 _a9780071067836
_c135.00
020 _a0071067833
_c135.00
035 _aEN-85589
037 _bDBAD/PUB
040 _adpl
_bEng
082 0 0 _a158.7
100 1 _aNarendar Singh
_926301
245 1 0 _aIndustrial psychology /
_cby Narendar Singh
260 _aNew Delhi
_bTata McGraw-Hill
_cc2011
270 _a7 West Patel Nagar
_bNew Delhi
_e110008
300 _axix, 222 p.
_c23cm (pbk)
650 0 _926303
942 _2ddc
_cEN
_h158.7
_mNAR
999 _c50822
_d50822